Las ruedas del bus (Record no. 16553)
[ view plain ]
| 000 -LEADER | |
|---|---|
| fixed length control field | 00548nam a22002177a 4500 |
| 001 - CONTROL NUMBER | |
| control field | sjds170007 |
| 003 - CONTROL NUMBER IDENTIFIER | |
| control field | sjds |
| 005 - DATE AND TIME OF LATEST TRANSACTION | |
| control field | 20170322113628.0 |
| 008 - FIXED-LENGTH DATA ELEMENTS--GENERAL INFORMATION | |
| fixed length control field | 170320b nyu||||| |||| 00| 0 spa d |
| 020 ## - INTERNATIONAL STANDARD BOOK NUMBER | |
| International Standard Book Number | 159060489X (Board) |
| 024 1# - OTHER STANDARD IDENTIFIER | |
| Standard number or code | 070097002553 (Board) |
| 040 ## - CATALOGING SOURCE | |
| Transcribing agency | sjds |
| 041 ## - LANGUAGE CODE | |
| Language code of text/sound track or separate title | spa |
| 110 10 - MAIN ENTRY--CORPORATE NAME | |
| Corporate name or jurisdiction name as entry element | Playmore |
| 245 14 - TITLE STATEMENT | |
| Title | Las ruedas del bus |
| 260 ## - PUBLICATION, DISTRIBUTION, ETC. (IMPRINT) | |
| Place of publication, distribution, etc. | New York, |
| Name of publisher, distributor, etc. | Playmore, |
| Date of publication, distribution, etc. | c2005. |
| 300 ## - PHYSICAL DESCRIPTION | |
| Extent | (unpaged board pages) |
| Dimensions | 20 cm. |
| 440 ## - SERIES STATEMENT/ADDED ENTRY--TITLE | |
| Title | Cantos que giran : Collection los 4 |
| 650 ## - SUBJECT ADDED ENTRY--TOPICAL TERM | |
| Topical term or geographic name as entry element | Buses |
| Form subdivision | Fiction |
| 942 ## - ADDED ENTRY ELEMENTS (KOHA) | |
| Koha item type | Libro/Book |
| Source of classification or shelving scheme | Dewey Decimal Classification |
| Withdrawn status | Lost status | Source of classification or shelving scheme | Damaged status | Not for loan | Home library | Current library | Shelving location | Date acquired | Total Checkouts | Full call number | Barcode | Date last seen | Date checked out | Price effective from | Koha item type |
|---|---|---|---|---|---|---|---|---|---|---|---|---|---|---|---|
| Dewey Decimal Classification | San Juan Del Sur -- Biblioteca | San Juan Del Sur -- Biblioteca | Children's Area | 20/03/2017 | 1 | EB Pla | 30024292 | 07/04/2018 | 15/07/2017 | 20/03/2017 | Libro/Book |